<?xml version="1.0" encoding="UTF-8"?>
<record
    xmlns:xsi="http://www.w3.org/2001/XMLSchema-instance"
    xsi:schemaLocation="http://www.loc.gov/MARC21/slim http://www.loc.gov/standards/marcxml/schema/MARC21slim.xsd"
    xmlns="http://www.loc.gov/MARC21/slim">

  <leader>00988nam a2200241 a 4500</leader>
  <controlfield tag="001">1333</controlfield>
  <controlfield tag="003">BR-CuiBMT</controlfield>
  <controlfield tag="005">20231205205533.0</controlfield>
  <controlfield tag="008">230711s2007    mtb          s000 0 por d</controlfield>
  <datafield tag="040" ind1=" " ind2=" ">
    <subfield code="a">BR-CuiBMT</subfield>
    <subfield code="c">BR-CuiBMT</subfield>
  </datafield>
  <datafield tag="080" ind1=" " ind2=" ">
    <subfield code="a">351.94:336.148</subfield>
    <subfield code="2">2007</subfield>
  </datafield>
  <datafield tag="090" ind1=" " ind2=" ">
    <subfield code="d">TCE/MT</subfield>
    <subfield code="a">351.94:336.148</subfield>
    <subfield code="b">M433c</subfield>
  </datafield>
  <datafield tag="110" ind1="1" ind2=" ">
    <subfield code="a">Mato Grosso.</subfield>
    <subfield code="b">Tribunal de Contas.</subfield>
  </datafield>
  <datafield tag="245" ind1="1" ind2="0">
    <subfield code="a">Consolida&#xE7;&#xE3;o de entendimentos t&#xE9;cnicos :</subfield>
    <subfield code="b">decis&#xF5;es em consultas /</subfield>
    <subfield code="c">Tribunal de Contas de Mato Grosso.</subfield>
  </datafield>
  <datafield tag="260" ind1=" " ind2=" ">
    <subfield code="a">Cuiab&#xE1; :</subfield>
    <subfield code="b">Publicontas,</subfield>
    <subfield code="c">2007.</subfield>
  </datafield>
  <datafield tag="300" ind1=" " ind2=" ">
    <subfield code="a">127 p.:</subfield>
    <subfield code="c">23 cm</subfield>
  </datafield>
  <datafield tag="500" ind1=" " ind2=" ">
    <subfield code="a">Publica&#xE7;&#xF5;es do Di&#xE1;rio Oficial do Estado de Mato Grosso e do Di&#xE1;rio Oficial de Contas do TCE-MT. per&#xED;odo de janeiro/2001 a abril /2007.</subfield>
  </datafield>
  <datafield tag="610" ind1="1" ind2=" ">
    <subfield code="a">Mato Grosso.</subfield>
    <subfield code="b">Tribunal de Contas</subfield>
    <subfield code="x">Controle externo</subfield>
  </datafield>
  <datafield tag="650" ind1=" " ind2=" ">
    <subfield code="a">Controle administrativo</subfield>
    <subfield code="z">Mato Grosso</subfield>
    <subfield code="z">Brasil</subfield>
  </datafield>
  <datafield tag="650" ind1=" " ind2=" ">
    <subfield code="a">Controle externo</subfield>
    <subfield code="x">Tribunal de contas</subfield>
    <subfield code="z">Mato Grosso</subfield>
  </datafield>
  <datafield tag="650" ind1=" " ind2=" ">
    <subfield code="a">Fiscaliza&#xE7;&#xE3;o</subfield>
    <subfield code="x">Administra&#xE7;&#xE3;o p&#xFA;blica</subfield>
    <subfield code="z">Mato Grosso</subfield>
  </datafield>
  <datafield tag="942" ind1=" " ind2=" ">
    <subfield code="2">udc</subfield>
    <subfield code="c">LV</subfield>
  </datafield>
  <datafield tag="952" ind1=" " ind2=" ">
    <subfield code="0">0</subfield>
    <subfield code="1">0</subfield>
    <subfield code="2">udc</subfield>
    <subfield code="4">0</subfield>
    <subfield code="7">0</subfield>
    <subfield code="a">BIBTCEMT</subfield>
    <subfield code="b">BIBTCEMT</subfield>
    <subfield code="d">2023-12-05</subfield>
    <subfield code="l">0</subfield>
    <subfield code="o">TCE/MT 351.94:336.148 M433c</subfield>
    <subfield code="p">BIBTCEMT23120231</subfield>
    <subfield code="r">2023-12-05</subfield>
    <subfield code="t">Ex. 1</subfield>
    <subfield code="w">2023-12-05</subfield>
    <subfield code="y">LV</subfield>
  </datafield>
  <datafield tag="999" ind1=" " ind2=" ">
    <subfield code="c">1333</subfield>
    <subfield code="d">1333</subfield>
  </datafield>
</record>
